[Event "59th World Juniors 2022"]
[Site "Cala Gonone ITA"]
[Date "2022.10.20"]
[Round "9.23"]
[White "Vestby-Ellingsen, Mads"]
[Black "Boyer, Mahel"]
[Result "0-1"]
[WhiteTitle "IM"]
[BlackTitle "IM"]
[WhiteElo "2365"]
[BlackElo "2445"]
[WhiteFideId "1520857"]
[BlackFideId "45102422"]
[EventDate "2022.10.12"]

1. e4 e6 2. d4 d5 3. Nc3 Nf6 4. e5 Nfd7 5. f4 c5 6. Nf3 Nc6 7. Be3 a6 8. Qd2 b5
9. dxc5 Bxc5 10. Bd3 Qb6 11. Bf2 h6 12. a3 Bb7 13. O-O O-O 14. Rae1 Bxf2+ 15.
Rxf2 f6 16. exf6 Nxf6 17. Kh1 d4 18. Ne4 Ng4 19. Rfe2 Ne7 20. Qb4 Nf5 21. Nc5
Bxf3 22. gxf3 Nge3 23. Bxf5 Rxf5 24. Qxd4 Qxc5 25. Qxe3 Qxe3 26. Rxe3 Rxf4 27.
Kg2 Raf8 28. R1e2 R8f6 29. Rxe6 Rxf3 30. Rxa6 R6f5 31. Rae6 R3f4 32. R6e3 h5 33.
h3 Rg5+ 34. Kh2 Rf1 35. Rg2 Rgf5 36. Reg3 Rf7 37. Rg5 R1f5 38. Rxf5 Rxf5 39. h4
Rf4 40. Kh3 Rf3+ 41. Rg3 Rf2 42. Rc3 Rf5 43. Rc7 Kh7 44. Kg3 Re5 45. Kf4 Re2 46.
Rc5 Kh6 47. Rxb5 Rxc2 48. Rb6+ g6 49. Rb4 Rf2+ 50. Kg3 Rf6 51. Rb5 Rd6 52. a4
Rd3+ 53. Kf2 Rd4 54. b4 Rxh4 55. a5 Rh2+ 56. Kg3 Ra2 57. Rb6 Kg5 58. a6 h4+ 59.
Kf3 Ra3+ 60. Kf2 Ra2+ 61. Kf3 Ra3+ 62. Kf2 Ra2+ 63. Kf3 h3 64. Rc6 h2 65. Rc1
Kh4 66. b5 g5 67. Rb1 g4+ 68. Ke3 g3 69. Rb4+ Kh3 0-1

[Event "59th World Juniors 2022"]
[Site "Cala Gonone ITA"]
[Date "2022.10.20"]
[Round "9.24"]
[White "Stremavicius, Pijus"]
[Black "Kozak, Antoni"]
[Result "1-0"]
[WhiteTitle "FM"]
[WhiteElo "2363"]
[BlackElo "2440"]
[WhiteFideId "12812730"]
[BlackFideId "21832030"]
[EventDate "2022.10.12"]

1. e4 c5 2. Nf3 d6 3. Bb5+ Nd7 4. O-O a6 5. Bd3 Ngf6 6. Re1 e6 7. c3 Be7 8. Bc2
b5 9. d4 Bb7 10. a4 cxd4 11. cxd4 O-O 12. Bd2 Qc7 13. Bd3 bxa4 14. Nc3 Nb6 15.
Nxa4 Nxa4 16. Qxa4 Rfc8 17. Bc3 d5 18. e5 Ne4 19. Ba5 Qc6 20. Qxc6 Bxc6 21. Red1
f6 22. exf6 gxf6 23. Bxe4 dxe4 24. Nd2 Kf7 25. f3 e3 26. Ne4 f5 27. Ng3 Rg8 28.
Kh1 Bd6 29. d5 Bxd5 30. Nxf5 exf5 31. Rxd5 Ke6 32. Rad1 Be5 33. R5d3 f4 34. g3
fxg3 35. Rxe3 Kf6 36. hxg3 Bxg3 37. Bc3+ Kg6 38. Re6+ Kh5 39. Rd5+ Rg5 40. Bd2
Rxd5 41. Rh6# 1-0

[Event "59th World Juniors 2022"]
[Site "Cala Gonone ITA"]
[Date "2022.10.20"]
[Round "9.25"]
[White "Moksh, Amit Doshi"]
[Black "Carlo, Emanuele"]
[Result "1-0"]
[WhiteTitle "IM"]
[BlackTitle "FM"]
[WhiteElo "2430"]
[BlackElo "2306"]
[WhiteFideId "25064967"]
[BlackFideId "2825380"]
[EventDate "2022.10.12"]

1. d4 d5 2. c4 e6 3. Nf3 Nf6 4. g3 dxc4 5. Bg2 a6 6. O-O Nc6 7. Nc3 Rb8 8. e4
Be7 9. Qe2 b5 10. Rd1 Nb4 11. d5 exd5 12. e5 O-O 13. a3 Nd3 14. exf6 Bxf6 15.
Rxd3 cxd3 16. Qxd3 Bb7 17. Bf4 Rc8 18. Rd1 c5 19. Ne1 Re8 20. Nc2 Bxc3 21. bxc3
Qf6 22. h4 h6 23. Bh3 Rcd8 24. Bc7 Ra8 25. Bg2 Re7 26. Ba5 Rae8 27. Ne3 d4 28.
cxd4 Bxg2 29. Kxg2 cxd4 30. Nd5 Qc6 31. Qf3 Re6 32. Rxd4 Rc8 33. Bb4 Qe8 34. Rg4
Kh8 35. Bc3 Rg6 36. h5 Rxg4 37. Qxg4 f6 38. Nxf6 Qc6+ 39. Ne4 Rg8 40. Kh2 Qb6
41. Qf4 Qe6 42. g4 Rc8 43. g5 Qe8 44. g6 1-0

[Event "59th World Juniors 2022"]
[Site "Cala Gonone ITA"]
[Date "2022.10.20"]
[Round "9.27"]
[White "Abdurakhmonov, Mukhammadali"]
[Black "Milikow, Yoav"]
[Result "1/2-1/2"]
[WhiteTitle "FM"]
[BlackTitle "IM"]
[WhiteElo "2345"]
[BlackElo "2412"]
[WhiteFideId "14207346"]
[BlackFideId "2822237"]
[EventDate "2022.10.12"]

1. e4 e5 2. Nf3 Nc6 3. Bb5 Nf6 4. d3 Bc5 5. c3 O-O 6. O-O d5 7. Nbd2 Re8 8. h3
h6 9. Re1 a6 10. Ba4 b5 11. Bb3 Be6 12. a4 Rb8 13. axb5 axb5 14. exd5 Bxd5 15.
Ne4 Bxb3 16. Qxb3 Bb6 17. Nxf6+ Qxf6 18. Be3 b4 19. Bxb6 bxc3 20. bxc3 Rxb6 21.
Qc4 Qe6 22. Qxe6 Rxe6 23. Ra8+ Kh7 24. d4 exd4 25. Rxe6 fxe6 26. cxd4 Rb4 27.
Rc8 Nxd4 28. Nxd4 Rxd4 29. Rxc7 Kg6 30. g3 Kf6 31. Kg2 Rd3 1/2-1/2

[Event "59th World Juniors 2022"]
[Site "Cala Gonone ITA"]
[Date "2022.10.20"]
[Round "9.28"]
[White "Tan, Jun Ying"]
[Black "Siddharth, Jagadeesh"]
[Result "1/2-1/2"]
[WhiteTitle "CM"]
[BlackTitle "IM"]
[WhiteElo "2189"]
[BlackElo "2415"]
[WhiteFideId "5710413"]
[BlackFideId "5818320"]
[EventDate "2022.10.12"]

1. d4 Nf6 2. c4 c5 3. d5 b5 4. cxb5 a6 5. bxa6 g6 6. Nc3 Bg7 7. a7 Rxa7 8. e4
O-O 9. Nf3 e6 10. Be2 exd5 11. exd5 d6 12. O-O Na6 13. Nb5 Rd7 14. Bc4 Bb7 15.
Qb3 Qa8 16. Rd1 Nc7 17. Nxc7 Rxc7 18. Bf4 Rd8 19. a4 Ba6 20. Nd2 Rb7 21. Qd3 Rb4
22. Bg5 Bxc4 23. Nxc4 h6 24. Bh4 g5 25. Bg3 Qxd5 26. Qxd5 Nxd5 27. Rac1 Bd4 28.
Nxd6 Rxb2 29. Nb5 Nf4 30. Nxd4 Rxd4 31. Rxd4 1/2-1/2

[Event "59th World Juniors 2022"]
[Site "Cala Gonone ITA"]
[Date "2022.10.20"]
[Round "9.29"]
[White "Peyrer, Konstantin"]
[Black "Utsab, Chatterjee"]
[Result "1/2-1/2"]
[WhiteTitle "FM"]
[WhiteElo "2402"]
[BlackElo "2345"]
[WhiteFideId "1640879"]
[BlackFideId "46609148"]
[EventDate "2022.10.12"]

1. g3 d5 2. Nf3 Nf6 3. Bg2 e6 4. O-O Be7 5. c4 O-O 6. b3 b6 7. Bb2 Bb7 8. d4
Nbd7 9. Nc3 c5 10. dxc5 Nxc5 11. cxd5 Nxd5 12. Nxd5 Qxd5 13. Qxd5 Bxd5 14. Rfd1
Rac8 15. Rac1 Rfd8 16. Rc2 Be4 17. Rcd2 Rxd2 18. Rxd2 Bb1 19. Ne5 Rd8 20. Rxd8+
Bxd8 21. Nc6 Bc7 22. a3 Nxb3 23. Nxa7 Bd6 24. Nc6 Nd2 25. Bc3 Nc4 26. a4 Bc2 27.
a5 bxa5 28. Nxa5 Nxa5 29. Bxa5 Bc5 30. Bf3 Kf8 1/2-1/2

[Event "59th World Juniors 2022"]
[Site "Cala Gonone ITA"]
[Date "2022.10.20"]
[Round "9.30"]
[White "Lumachi, Gabriele"]
[Black "Martins, Bruno Andre Leite"]
[Result "1-0"]
[WhiteTitle "FM"]
[BlackTitle "FM"]
[WhiteElo "2387"]
[BlackElo "2306"]
[WhiteFideId "2817247"]
[BlackFideId "1942255"]
[EventDate "2022.10.12"]

1. Nf3 e6 2. d4 Nf6 3. Bg5 d5 4. c3 c5 5. e3 h6 6. Bh4 Be7 7. Nbd2 O-O 8. Bd3 b6
9. Qe2 Bb7 10. Ne5 Ne4 11. Bg3 Nd7 12. Nxe4 dxe4 13. Ba6 Bxa6 14. Qxa6 Nxe5 15.
Bxe5 Bd6 16. Bxd6 Qxd6 17. O-O-O Rfd8 18. Qb7 Qd5 19. Qxd5 exd5 20. dxc5 bxc5
21. Rd2 Rd7 22. Rhd1 Rad8 23. b4 c4 24. f3 f5 25. fxe4 fxe4 26. Rf1 Rd6 27. Rf4
Re8 28. Rf5 Red8 29. Kb2 g6 30. Rf4 h5 31. a4 a6 32. Ka3 Kg7 33. Rb2 Rf6 34.
Rxf6 Kxf6 35. a5 Ke5 36. b5 axb5 37. Rxb5 Rf8 38. a6 Kd6 39. a7 Ra8 40. Ra5 Kc6
41. Kb4 Kb6 42. Rxd5 Rxa7 43. Rd6+ Kc7 44. Rxg6 Ra2 45. Kxc4 Rd2 46. Rg5 Rd3 47.
Rxh5 Rxe3 48. Kd4 Re2 49. Rg5 Kd6 50. Rg6+ Ke7 51. h4 Kf7 52. Rg4 e3 53. Kd3 Re1
54. Re4 Rg1 55. g4 Rg3 56. c4 Rh3 57. h5 Kf6 58. Rxe3 1-0

[Event "59th World Juniors 2022"]
[Site "Cala Gonone ITA"]
[Date "2022.10.20"]
[Round "9.31"]
[White "Milosevic, Milos"]
[Black "Nouri, Alekhine"]
[Result "1-0"]
[WhiteTitle "FM"]
[BlackTitle "FM"]
[WhiteElo "2379"]
[BlackElo "2251"]
[WhiteFideId "964875"]
[BlackFideId "5216184"]
[EventDate "2022.10.12"]

1. e4 c5 2. Nf3 d6 3. d4 cxd4 4. Nxd4 Nf6 5. Nc3 a6 6. Qd3 e5 7. Nf5 h6 8. Be3
Bxf5 9. exf5 Be7 10. O-O-O Nbd7 11. Be2 Rc8 12. Bf3 Qc7 13. Kb1 b5 14. h4 b4 15.
Nd5 Nxd5 16. Bxd5 Nf6 17. Bb3 Qc6 18. Rc1 O-O 19. Bg5 Rfd8 20. Bxf6 Bxf6 21. Bd5
Qb6 22. g4 e4 23. Qb3 Qxf2 24. g5 Be5 25. Bxf7+ Kh8 26. gxh6 Qf4 27. Rhg1 d5 28.
Rcf1 Qd2 29. hxg7+ Bxg7 30. f6 Bh6 31. Rd1 Qh2 32. Rg6 Qf4 33. Qg3 d4 34. Qxf4
Bxf4 35. Rg5 1-0

[Event "59th World Juniors 2022"]
[Site "Cala Gonone ITA"]
[Date "2022.10.20"]
[Round "9.32"]
[White "Mladek, Richard"]
[Black "Avila Rodriguez, Joshua Ad"]
[Result "1-0"]
[WhiteTitle "FM"]
[BlackTitle "CM"]
[WhiteElo "2371"]
[BlackElo "2225"]
[WhiteFideId "386588"]
[BlackFideId "5126444"]
[EventDate "2022.10.12"]

1. c4 c5 2. Nc3 Nc6 3. Nf3 Nf6 4. e3 e6 5. d4 d5 6. a3 dxc4 7. Bxc4 a6 8. O-O b5
9. Ba2 Bb7 10. Qe2 cxd4 11. Rd1 b4 12. axb4 Nxb4 13. Bb3 d3 14. Ba4+ Bc6 15.
Bxc6+ Nxc6 16. Rxd3 Qc8 17. e4 Be7 18. Bg5 O-O 19. Rad1 Rd8 20. e5 Rxd3 21. Qxd3
Nb4 22. Qd4 Nfd5 23. Bxe7 Nc6 24. Qe4 Nxc3 25. bxc3 Nxe7 26. Ng5 Ng6 27. h4 Nf8
28. Qf3 Ra7 29. Ne4 Rd7 30. Rb1 Qc7 31. Nd6 Qa5 32. Rb7 Qd5 33. Qxd5 exd5 34.
Rb8 Rc7 35. f4 g6 36. h5 h6 37. Ne8 Re7 38. Nf6+ Kg7 39. hxg6 fxg6 40. Ra8 g5
41. g3 Ne6 42. Nxd5 Nc7 43. Nxc7 Rxc7 44. f5 g4 45. Rxa6 Rc5 46. f6+ Kg6 47. Re6
Kf7 48. Re7+ Kf8 49. e6 Rc6 50. c4 Ra6 51. Kf2 Ra3 52. Rf7+ Ke8 53. Ke2 Rf3 54.
c5 Rf5 55. Kd3 Re5 56. Re7+ Kd8 57. c6 Rf5 58. Rd7+ 1-0

[Event "59th World Juniors 2022"]
[Site "Cala Gonone ITA"]
[Date "2022.10.20"]
[Round "9.33"]
[White "Rohith, Krishna S"]
[Black "Stankovic, Dragan"]
[Result "1-0"]
[WhiteTitle "FM"]
[WhiteElo "2370"]
[BlackElo "2181"]
[WhiteFideId "46617051"]
[BlackFideId "14408740"]
[EventDate "2022.10.12"]

1. d4 d5 2. c4 e6 3. Nf3 Nf6 4. g3 c6 5. Bg2 Nbd7 6. O-O Be7 7. Qd3 b6 8. Nc3
Ba6 9. b3 Rc8 10. e4 dxe4 11. Nxe4 c5 12. Bf4 Nxe4 13. Qxe4 O-O 14. Rad1 Qe8 15.
d5 Bb7 16. Rfe1 Bf6 17. dxe6 Bxe4 18. exd7 Qe7 19. dxc8=Q Rxc8 20. Nd2 Bd4 21.
Bxe4 Qf8 22. Nf3 Rd8 23. Nxd4 cxd4 24. Bd5 Re8 25. Bd6 Rxe1+ 26. Rxe1 Qd8 27.
Bc6 1-0

[Event "59th World Juniors 2022"]
[Site "Cala Gonone ITA"]
[Date "2022.10.20"]
[Round "9.34"]
[White "Hercegovac, Neven"]
[Black "Yaniv, Yuval"]
[Result "1/2-1/2"]
[BlackTitle "FM"]
[WhiteElo "2175"]
[BlackElo "2359"]
[WhiteFideId "2839135"]
[BlackFideId "2823900"]
[EventDate "2022.10.12"]

1. e4 c5 2. Nf3 Nc6 3. d4 cxd4 4. Nxd4 Nf6 5. Nc3 d6 6. Bg5 e6 7. Qd3 Bd7 8.
O-O-O a6 9. f4 Be7 10. Nxc6 Bxc6 11. f5 Qa5 12. Bxf6 gxf6 13. Be2 O-O-O 14. Bh5
Rhf8 15. Qh3 d5 16. fxe6 d4 17. Nd5 Bxd5 18. exf7+ Kb8 19. exd5 Qxa2 20. Qb3
Qa1+ 21. Kd2 Qa5+ 22. Kc1 Bb4 23. Kb1 Rxd5 24. Be2 Rd6 25. Bc4 Rb6 26. Qd3 Bc5
27. Bb3 Qb4 28. Qc4 Qxc4 29. Bxc4 Bd6 30. Rxd4 Be5 31. Re4 Rxb2+ 32. Kc1 Rb4 33.
Rhe1 b5 34. Bb3 Rxe4 35. Rxe4 Kc7 36. Rh4 h6 37. g3 a5 38. Rxh6 a4 39. Ba2 Kd6
40. Rg6 Ke7 41. Rg8 f5 42. Kd2 b4 43. Bc4 a3 44. Ke3 Bd6 45. Kf3 Be5 46. h3 Bd6
47. g4 fxg4+ 48. hxg4 Be5 49. Ke4 Bc3 50. Kf5 Rxf7+ 51. Bxf7 Kxf7 52. Ra8 Bd4
53. Ra6 Kg7 54. Ke4 Bf6 55. Kd5 Bc3 56. Kc4 Bd2 57. Kd3 Be1 58. g5 Kf7 59. Kc4
Kg7 60. Kd3 Kf7 61. c4 bxc3 62. Rxa3 Kg6 63. Ra5 Bd2 64. Rc5 Bxg5 65. Kxc3 Kh5
66. Kd3 Kg4 67. Ke4 Bf4 68. Rc8 Bd6 69. Rd8 Bc7 70. Rd3 Bb8 71. Rf3 Bc7 72. Ke3
Bb6+ 73. Ke2 Bc7 74. Kf2 Bb6+ 75. Kg2 Bc7 76. Rf7 Be5 77. Rf8 Bd6 78. Rd8 Bc7
79. Rd4+ Kf5 80. Kf3 Ke5 81. Rc4 Bb6 82. Ke2 Kd5 83. Kd3 Bg1 84. Rg4 Bf2 85.
Rg5+ Kc6 86. Kc4 Kb7 87. Kb5 Ka8 88. Rg7 Ba7 89. Ka6 Bb8 90. Kb6 Bh2 91. Ra7+
Kb8 92. Rh7 Bg1+ 93. Ka6 Bf2 94. Rb7+ Ka8 95. Rf7 Bg3 96. Kb6 Bh2 97. Rf8+ Bb8
98. Rf3 Bh2 99. Kc6 Kb8 100. Rh3 Bg1 101. Rg3 Bh2 102. Rg2 Bf4 103. Rb2+ Ka8
104. Rf2 Bg3 105. Rg2 Bf4 106. Ra2+ 1/2-1/2

[Event "59th World Juniors 2022"]
[Site "Cala Gonone ITA"]
[Date "2022.10.20"]
[Round "9.35"]
[White "Jakab, Bela"]
[Black "Johannsson, Birkir Isak"]
[Result "1-0"]
[WhiteTitle "FM"]
[WhiteElo "2353"]
[BlackElo "2165"]
[WhiteFideId "14933128"]
[BlackFideId "2314673"]
[EventDate "2022.10.12"]

1. e4 c5 2. Nc3 d6 3. d4 cxd4 4. Qxd4 Nc6 5. Qd2 g6 6. b3 Bh6 7. f4 Nf6 8. Bb2
O-O 9. O-O-O e5 10. g3 Re8 11. Bg2 exf4 12. gxf4 Bg4 13. Rf1 Qa5 14. h3 Be6 15.
Nge2 Rac8 16. Rd1 Nd7 17. Kb1 Nb4 18. Rhf1 Bg7 19. a3 Nc6 20. f5 gxf5 21. exf5
Bxf5 22. Qxd6 Rcd8 23. Rd5 Nde5 24. Rxa5 Rxd6 25. Bxc6 Bxc2+ 26. Kxc2 Nxc6 27.
Rg5 Ne5 28. Ng3 1-0

[Event "59th World Juniors 2022"]
[Site "Cala Gonone ITA"]
[Date "2022.10.20"]
[Round "9.36"]
[White "Baenziger, Fabian"]
[Black "Bettalli, Francesco"]
[Result "1-0"]
[WhiteTitle "IM"]
[BlackTitle "FM"]
[WhiteElo "2439"]
[BlackElo "2267"]
[WhiteFideId "1330110"]
[BlackFideId "2816453"]
[EventDate "2022.10.12"]

1. d4 Nf6 2. c4 g6 3. Nc3 d5 4. Nf3 Bg7 5. cxd5 Nxd5 6. e4 Nxc3 7. bxc3 c5 8.
Rb1 O-O 9. Be2 cxd4 10. cxd4 Qa5+ 11. Bd2 Qxa2 12. O-O b6 13. Qc1 Qe6 14. Bc4
Qxe4 15. Re1 Qb7 16. Bh6 Bf5 17. Rb5 e6 18. d5 a6 19. dxe6 axb5 20. exf7+ Kh8
21. Bxg7+ Kxg7 22. Qc3+ Kh6 23. Qe3+ Kg7 24. Qe5+ Kh6 25. Bd5 Qd7 26. Qf4+ Kg7
27. Qd4+ Kh6 28. g4 Bxg4 29. Qf4+ Kg7 30. Qe5+ Kh6 31. Qg5+ Kg7 32. Qe5+ Kh6 33.
Qe3+ Kg7 34. Qc3+ Kh6 35. Qc1+ Kg7 36. Qb2+ Kh6 37. Qd2+ Kg7 38. Qd4+ Kh6 39.
Ne5 Ra4 40. Qd2+ g5 41. Nxd7 Nxd7 42. h4 1-0

[Event "59th World Juniors 2022"]
[Site "Cala Gonone ITA"]
[Date "2022.10.20"]
[Round "9.37"]
[White "Di Benedetto, Edoardo"]
[Black "Ansat, Aldiyar"]
[Result "1/2-1/2"]
[WhiteTitle "IM"]
[BlackTitle "IM"]
[WhiteElo "2396"]
[BlackElo "2262"]
[WhiteFideId "875740"]
[BlackFideId "13715658"]
[EventDate "2022.10.12"]

1. a3 g6 2. e4 c5 3. Nf3 Bg7 4. Nc3 Nc6 5. Bc4 e6 6. O-O Nge7 7. Re1 O-O 8. d3
d6 9. Bf4 Nd4 10. Nxd4 cxd4 11. Ne2 d5 12. Bb3 dxe4 13. dxe4 e5 14. Bg5 h6 15.
Bxe7 Qxe7 16. c3 Rd8 17. cxd4 exd4 18. Nf4 Qg5 19. Nd3 Bd7 20. Bd5 Bc6 21. Bxc6
bxc6 22. Rc1 Rac8 23. Rc5 Qe7 24. Qa4 Qe6 25. f3 Bf8 26. Rc4 c5 27. Rec1 a6 28.
Qc2 Rb8 29. Rd1 Rb5 30. a4 Rb6 31. Nxc5 Bxc5 32. Rxc5 Qa2 33. Rd2 d3 34. Qc3
Qxa4 35. Ra5 Qd4+ 36. Qxd4 Rxd4 37. Kf2 Rdb4 38. Ra2 Rb3 39. Ke3 Kg7 40. h4 Kf6
41. g3 g5 42. hxg5+ hxg5 43. Rxd3 Rxb2 44. Rxb2 Rxb2 45. Rd6+ Kg7 46. Rxa6 Rb3+
47. Kf2 Rb2+ 48. Kf1 g4 49. Ra3 gxf3 50. Rxf3 f6 51. Rf2 Rb3 52. Kg2 Kg6 53. Rf4
Kg5 54. Rf5+ Kg6 55. Kf2 Ra3 56. Rf3 Ra1 57. Ke3 Kg5 58. Rf5+ Kg6 59. Rb5 Re1+
60. Kf4 Rf1+ 61. Kg4 Re1 62. Kf3 Rf1+ 63. Ke2 Ra1 64. Rf5 Rb1 65. Kf3 Rf1+ 66.
Kg4 Re1 67. Rf4 Rxe4 68. Rxe4 f5+ 69. Kf4 fxe4 70. Kxe4 Kg5 71. Kf3 Kf5 72. g4+
Kg5 73. Kg3 Kg6 74. Kf4 Kf6 75. g5+ Kg6 76. Kg4 Kg7 77. Kf5 Kf7 78. g6+ Kg7 79.
Kg5 Kg8 80. Kf5 Kg7 81. Kg5 Kg8 82. Kh6 Kh8 83. g7+ Kg8 84. Kg6 1/2-1/2

[Event "59th World Juniors 2022"]
[Site "Cala Gonone ITA"]
[Date "2022.10.20"]
[Round "9.38"]
[White "Oye-Stromberg, Alexander"]
[Black "Chukavin, Kirill"]
[Result "1/2-1/2"]
[WhiteTitle "FM"]
[BlackTitle "FM"]
[WhiteElo "2233"]
[BlackElo "2384"]
[WhiteFideId "1525999"]
[BlackFideId "4503023"]
[EventDate "2022.10.12"]

1. d4 Nf6 2. c4 e6 3. Nf3 d5 4. Nc3 dxc4 5. e4 b5 6. e5 Nd5 7. Nxb5 Nb6 8. Be2
Be7 9. O-O Nc6 10. Be3 O-O 11. Nc3 Bb7 12. Rc1 Nb4 13. Nd2 Nd3 14. Rb1 c5 15.
dxc5 Bxc5 16. Bxd3 Bxe3 17. Be4 Bxd2 18. Bxb7 Rb8 19. Bf3 Bxc3 20. bxc3 Qc7 21.
Qe2 Qc5 22. Rfd1 Na4 23. Rxb8 Rxb8 24. Qd2 g6 25. Qg5 Nxc3 26. Rd8+ Rxd8 27.
Qxd8+ Qf8 28. Qa5 Qb8 29. h3 Nb5 30. Be2 Nd4 31. Bxc4 Nc6 32. Qc5 Nxe5 33. Bb5
g5 34. a4 h6 35. a5 Ng6 36. a6 Nf4 37. Qc6 Qd8 38. Bf1 Qd4 39. g3 Ng6 40. Qb7
Ne5 41. Be2 Kg7 42. Qc7 Kf8 43. Bh5 Ke8 44. Be2 Kf8 45. Bh5 Nd7 46. Qd8+ Kg7 47.
Qe7 Ne5 48. Qc7 Kf6 49. Qc8 Ke7 50. Qc7+ Nd7 51. Bf3 Qb6 52. Qc8 Nc5 53. Bb7 Nd3
54. Qc2 Qd4 55. Bf3 f5 56. Bg2 Kf6 57. Bf1 Nc5 58. Bg2 Nd3 59. Bf1 Nc5 60. Bg2
h5 61. Qe2 g4 62. hxg4 hxg4 63. Qc2 e5 64. Qa2 Nd3 65. Qd2 Nf4 66. Qc2 Nd3 67.
Qd2 Kg6 68. Qa2 Kg7 69. Qc2 Kf6 70. Qd2 1/2-1/2

[Event "59th World Juniors 2022"]
[Site "Cala Gonone ITA"]
[Date "2022.10.20"]
[Round "9.39"]
[White "Asllani, Dorian"]
[Black "Gatineau, Yovann"]
[Result "1-0"]
[BlackTitle "IM"]
[WhiteElo "2202"]
[BlackElo "2375"]
[WhiteFideId "1341332"]
[BlackFideId "26028999"]
[EventDate "2022.10.12"]

1. d4 Nf6 2. c4 e6 3. Nc3 Bb4 4. Qc2 d6 5. e3 O-O 6. Bd3 c5 7. Ne2 Nc6 8. a3
Bxc3+ 9. Qxc3 b6 10. O-O Bb7 11. Rd1 Qc7 12. b3 Rac8 13. Qc2 Rfd8 14. Bb2 cxd4
15. exd4 d5 16. Rac1 h6 17. c5 bxc5 18. dxc5 Ne5 19. Nd4 Neg4 20. g3 Ba8 21. Qe2
Qb8 22. Ba6 e5 23. Nf5 d4 24. Bxc8 Rxc8 25. h3 Kf8 26. hxg4 Qxb3 27. c6 Rxc6 28.
Qxe5 Re6 29. Rc8+ Ne8 30. Qxg7# 1-0

[Event "59th World Juniors 2022"]
[Site "Cala Gonone ITA"]
[Date "2022.10.20"]
[Round "9.40"]
[White "Lux, Hugo de Melo"]
[Black "Nemeth, Zalan"]
[Result "1-0"]
[WhiteTitle "FM"]
[WhiteElo "2309"]
[BlackElo "2247"]
[WhiteFideId "2138298"]
[BlackFideId "2512041"]
[EventDate "2022.10.12"]

1. e4 c5 2. Nf3 Nc6 3. Bb5 e5 4. O-O Bd6 5. d4 exd4 6. c3 a6 7. Bc4 b5 8. Bd5
Nge7 9. Ng5 Nxd5 10. exd5 Ne7 11. Qh5 g6 12. Ne4 Qc7 13. Qh4 Bb7 14. Qf6 Bxh2+
15. Kh1 Be5 16. d6 Bxf6 17. Nxf6+ Kd8 18. dxc7+ Kxc7 19. cxd4 cxd4 20. Bf4+ d6
21. Nd2 Nf5 22. Nb3 g5 23. Rac1+ Kb6 24. Nxd4 Nh4 25. Nd7+ Ka7 26. Be3 Bxg2+ 27.
Kh2 Kb7 28. Rfd1 h6 29. Nb3 Rad8 30. Na5+ Ka8 31. Rxd6 Bb7 32. Rc7 Nf3+ 33. Kg3 1-0

[Event "59th World Juniors 2022"]
[Site "Cala Gonone ITA"]
[Date "2022.10.20"]
[Round "9.41"]
[White "Carroll, Peter"]
[Black "Guz, Ari"]
[Result "1/2-1/2"]
[WhiteTitle "CM"]
[BlackTitle "FM"]
[WhiteElo "2115"]
[BlackElo "2305"]
[WhiteFideId "2510243"]
[BlackFideId "2825759"]
[EventDate "2022.10.12"]

1. e4 c5 2. Nf3 g6 3. c3 d5 4. exd5 Qxd5 5. d4 Bg7 6. Na3 cxd4 7. Nb5 Qd8 8. Bf4
Na6 9. Bc4 Nf6 10. O-O O-O 11. cxd4 Bd7 12. Nc3 Qb6 13. Qb3 Qxb3 14. Bxb3 Nb4
15. Rfd1 Bf5 16. Ne5 Rad8 17. a3 Nc2 18. Bxc2 Bxc2 19. Rd2 Bb3 20. Rc1 Rc8 21.
Re2 Nd5 22. Nxd5 Rxc1+ 23. Bxc1 Bxd5 24. Rc2 Rd8 25. Be3 Be4 26. Rc1 f6 27. Nf3
Kf7 28. Kf1 Rd6 29. Ke2 Rb6 30. b4 Rc6 31. Rc5 Ra6 32. Bc1 Rd6 33. Be3 Bd5 34.
Kd3 Rd7 35. Ke2 Ke6 36. h3 Rd6 37. Ne1 g5 38. f3 Kd7 39. Nd3 b6 40. Rc1 Rc6 41.
Kd2 Rxc1 42. Nxc1 Kc6 43. a4 Bc4 44. b5+ Kd6 45. Nd3 Bb3 46. Nb2 h5 47. Kc3 Bd5
48. Nc4+ Kc7 49. Bg1 Kb7 1/2-1/2

[Event "59th World Juniors 2022"]
[Site "Cala Gonone ITA"]
[Date "2022.10.20"]
[Round "9.42"]
[White "Gaal, Zsoka"]
[Black "van der Merwe, Alexander"]
[Result "1-0"]
[WhiteTitle "WIM"]
[WhiteElo "2298"]
[BlackElo "1746"]
[WhiteFideId "777765"]
[BlackFideId "14323842"]
[EventDate "2022.10.12"]

1. Nf3 c5 2. c4 Nc6 3. Nc3 e5 4. g3 g6 5. Bg2 Bg7 6. O-O Nge7 7. Ne1 O-O 8. Nc2
d6 9. Ne3 Be6 10. a3 Qd7 11. d3 Bh3 12. Rb1 Bxg2 13. Kxg2 f5 14. f3 Nd4 15. b4
f4 16. Ned5 Nxd5 17. Nxd5 g5 18. g4 b6 19. Nc3 Bf6 20. Ne4 Be7 21. Bb2 Ne6 22.
Bc3 Rfb8 23. Qc2 Rb7 24. bxc5 bxc5 25. Rxb7 Qxb7 26. Rb1 Qc7 27. Qb3 Nd8 28. a4
Kf7 29. a5 Ke6 30. a6 Nc6 31. Qa4 Nd4 32. Bxd4 exd4 33. Rb7 Qc8 34. Qb5 h6 35.
h3 Qe8 36. Qxe8 Rxe8 37. Rxa7 Rc8 38. Nd2 Rc6 39. Nb1 Rb6 40. Na3 Rb2 41. Kf2
Bd8 42. Nb5 Ba5 43. Rb7 Ra2 44. a7 Ra1 45. a8=Q 1-0

[Event "59th World Juniors 2022"]
[Site "Cala Gonone ITA"]
[Date "2022.10.20"]
[Round "9.43"]
[White "Karsten, Jan"]
[Black "Wartiovaara, Oliver"]
[Result "1/2-1/2"]
[WhiteElo "1985"]
[BlackElo "2297"]
[WhiteFideId "14350653"]
[BlackFideId "513024"]
[EventDate "2022.10.12"]

1. e4 e6 2. d4 d5 3. Nd2 c5 4. Ngf3 cxd4 5. Nxd4 Nc6 6. Bb5 Bd7 7. Nxc6 bxc6 8.
Bd3 Qc7 9. Qe2 Ne7 10. e5 Ng6 11. Nf3 f6 12. Bxg6+ hxg6 13. Qd3 Kf7 14. Bf4 g5
15. Bg3 Qa5+ 16. c3 g4 17. Nd2 f5 18. Bf4 Be7 19. O-O g5 20. Be3 Qc7 21. f4 gxf3
22. Nxf3 g4 23. Nd2 Rh5 24. Bf4 Bc5+ 25. Kh1 Rah8 26. b4 Bb6 27. c4 Qd8 28. c5
Rxh2+ 29. Bxh2 Qh4 30. Rxf5+ exf5 31. Nf1 Bc7 32. Kg1 Ke6 33. Rd1 g3 34. Qxg3
Qxg3 35. Bxg3 a5 36. bxa5 Ra8 37. Nd2 Bxa5 38. Nb3 Bb4 39. Nd4+ Kf7 40. e6+ Bxe6
41. Nxc6 Bxc5+ 42. Bf2 Bxf2+ 43. Kxf2 Rxa2+ 44. Kf3 Kf6 45. Nd4 Ke5 46. Nc6+ Kd6
47. Nd4 Bd7 48. Ne2 Ke5 49. Rxd5+ 1/2-1/2